| 000 | 00331nam a2200121Ia 4500 | ||
|---|---|---|---|
| 008 | 210430s9999 xx 000 0 und d | ||
| 082 | _a536.7 Z53 H | ||
| 100 | _aMark W.Zemansky | ||
| 245 |
_aHeat and Thermodynamics _cMark W.Zemansky |
||
| 260 |
_aISLAMABAD _bNational Book Fouandation _c1997 |
||
| 300 | _a486p | ||
| 942 |
_cBK _2ddc |
||
| 999 |
_c562135 _d562135 |
||